[Event "IND-ch U11 Girls 30th"]
[Site "India"]
[Date "2016.07.05"]
[Round "10"]
[White "Wairagade, Rashi"]
[Black "Rishita, Sinha"]
[Result "0-1"]
[WhiteElo "1028"]
[BlackElo "1417"]
[PlyCount "65"]
[EventDate "2016.06.28"]
[EventType "swiss"]
[EventRounds "11"]
[EventCountry "IND"]
[SourceTitle "CBM 173 Extra"]
[Source "ChessBase"]
[SourceDate "2016.08.29"]
[SourceVersion "1"]
[SourceVersionDate "2016.08.29"]
[SourceQuality "1"]

1. e4 c5 2. Nf3 d6 3. d4 cxd4 4. Nxd4 Nf6 5. Nc3 g6 6. Be3 Bg7 7. Bc4 Ng4 8. Qd2 Nxe3 9. Qxe3 0-0 10. 0-0-0 Nc6 11. Nxc6 bxc6 12. Rdg1 Bd7 13. g4 Qb6 14. Qd2 Rab8 15. Bb3 Be6 16. h4 Bxb3 17. cxb3 h6 18. f4 Bd4 19. Rg2 Be3 20. Na4 Bxd2+ 21. Rxd2 Qe3 22. Rf1 Qg3 23. h5 Qxg4 24. hxg6 fxg6 25. Rdd1 Kh7 26. f5 gxf5 27. exf5 Rxf5 28. Rg1 Qf4+ 29. Kb1 Rg5 30. Rgf1 Qe4+ 31. Ka1 Rg7 32. Rg1 Rxg1 33. Rxg1 0-1

[Event "IND-ch U11 Girls 30th"]
[Site "India"]
[Date "2016.07.04"]
[Round "9"]
[White "Jesica"]
[Black "Wairagade, Rashi"]
[Result "1-0"]
[WhiteElo "1230"]
[BlackElo "1028"]
[PlyCount "75"]
[EventDate "2016.06.28"]
[EventType "swiss"]
[EventRounds "11"]
[EventCountry "IND"]
[SourceTitle "CBM 173 Extra"]
[Source "ChessBase"]
[SourceDate "2016.08.29"]
[SourceVersion "1"]
[SourceVersionDate "2016.08.29"]
[SourceQuality "1"]

1. e4 c5 2. Nf3 e6 3. d4 cxd4 4. Nxd4 a6 5. Nc3 Qc7 6. a3 Nf6 7. Be3 Be7 8. Bd3 0-0 9. 0-0 d6 10. h3 Nbd7 11. f4 b5 12. Qe1 Bb7 13. Qg3 Nc5 14. e5 Nfe4 15. Nxe4 Bxe4 16. Bxe4 Nxe4 17. Qf3 d5 18. c3 Rac8 19. Rad1 f6 20. Nxe6 Qd7 21. Nxf8 Rxf8 22. Qxe4 Rd8 23. Qf3 fxe5 24. fxe5 Qe6 25. Qf5 Qc6 26. Qf7+ Kh8 27. Qxe7 Qc8 28. Rxd5 Re8 29. Qd7 Qb8 30. Qd6 Qc8 31. Rc5 Qa8 32. Rc7 Rd8 33. Qe7 Rg8 34. Bh6 Qxg2+ 35. Kxg2 gxh6+ 36. Kh2 Rg2+ 37. Kxg2 Kg8 38. Qg7# 1-0

[Event "IND-ch U11 Girls 30th"]
[Site "India"]
[Date "2016.07.02"]
[Round "7"]
[White "Kriti, Mayur Patel"]
[Black "Wairagade, Rashi"]
[Result "1-0"]
[WhiteElo "1379"]
[BlackElo "1028"]
[PlyCount "49"]
[EventDate "2016.06.28"]
[EventType "swiss"]
[EventRounds "11"]
[EventCountry "IND"]
[SourceTitle "CBM 173 Extra"]
[Source "ChessBase"]
[SourceDate "2016.08.29"]
[SourceVersion "1"]
[SourceVersionDate "2016.08.29"]
[SourceQuality "1"]

1. e4 c5 2. d4 cxd4 3. c3 Nf6 4. e5 Nd5 5. Bc4 Nb6 6. Bb3 Qc7 7. Nf3 Nc6 8. cxd4 d6 9. Bf4 e6 10. Nc3 a6 11. 0-0 Be7 12. Ne4 d5 13. Nd6+ Bxd6 14. exd6 Qd7 15. Rc1 0-0 16. Bg3 Na5 17. Ne5 Qd8 18. Bc2 Re8 19. Qh5 g6 20. Qh6 Nbc4 21. Bh4 f6 22. Nxg6 Nc6 23. Ne7+ Nxe7 24. Bxh7+ Kf7 25. Qxf6# 1-0